[Event "Montevideo Duchamp Cup 5th"]
[Site "Montevideo"]
[Date "2022.02.12"]
[Round "1"]
[White "Masoller, Martin"]
[Black "Hungaski, Robert Andrew"]
[Result "0-1"]
[WhiteElo "1743"]
[BlackElo "2537"]
[PlyCount "72"]
[EventDate "2022.02.12"]
[EventType "swiss"]
[EventRounds "9"]
[EventCountry "URU"]
[SourceTitle "CBM 206 Extra"]
[Source "ChessBase"]
[SourceDate "2022.03.31"]
[SourceVersion "1"]
[SourceVersionDate "2022.03.31"]
[SourceQuality "1"]

1. e4 e5 2. Nf3 Nc6 3. Bc4 Bc5 4. c3 Nf6 5. d3 a6 6. Bb3 Ba7 7. Nbd2 h6 8. Nf1 d5 9. Ng3 Be6 10. Ba4 b5 11. Bc2 0-0 12. 0-0 dxe4 13. dxe4 Bc4 14. Qxd8 Raxd8 15. Re1 Ng4 16. Nh1 Bd3 17. Bxd3 Rxd3 18. h3 Nf6 19. Ng3 Rfd8 20. Be3 Bxe3 21. Rxe3 Rxe3 22. fxe3 Nd7 23. Rd1 g6 24. Kf2 f6 25. Ke2 Kf7 26. Rd5 Ke6 27. Rd1 Ra8 28. Nh4 Rg8 29. Nf3 Na5 30. b3 Nb7 31. Rd5 Nd6 32. Rd1 Nc5 33. Nd2 f5 34. exf5+ gxf5 35. Kf3 e4+ 36. Kf4 Nd3# 0-1

[Event "Montevideo Crysol op 4th"]
[Site "Montevideo"]
[Date "2021.11.14"]
[Round "5"]
[White "Dominguez, Facundo"]
[Black "Masoller, Martin"]
[Result "1-0"]
[WhiteElo "2166"]
[BlackElo "1719"]
[PlyCount "173"]
[EventDate "2021.11.12"]
[EventType "swiss"]
[EventRounds "5"]
[EventCountry "URU"]
[SourceTitle "CBM 205 Extra"]
[Source "ChessBase"]
[SourceDate "2022.01.31"]
[SourceVersion "1"]
[SourceVersionDate "2022.01.31"]
[SourceQuality "1"]

1. e4 c6 2. Nf3 d5 3. Nc3 Bg4 4. h3 Bxf3 5. Qxf3 e6 6. g3 Bc5 7. Bg2 Ne7 8. 0-0 0-0 9. d3 f5 10. exd5 exd5 11. Bg5 h6 12. Bd2 Nd7 13. Rae1 Nf6 14. h4 Qe8 15. Bh3 Qh5 16. Qxh5 Nxh5 17. d4 Bd6 18. Re6 Rf6 19. Rfe1 Kf7 20. R1e2 Rg8 21. g4 Rg6 22. g5 Re8 23. Kf1 Bf4 24. Bxf4 Nxf4 25. Bxf5 Nxe2 26. Bxg6+ Nxg6 27. h5 Ngf4 28. Nxe2 hxg5 29. Ng3 Rh8 30. Re5 g6 31. Rxg5 Nxh5 32. Ne2 Re8 33. f3 Kf6 34. Rg4 g5 35. Kf2 Kf5 36. Rg1 Re7 37. Re1 Re6 38. Rg1 Re7 39. a4 a5 40. Rb1 Rf7 41. Rh1 Kg6 42. Rg1 Kf5 43. c3 Re7 44. Rc1 Rf7 45. Ke3 Re7+ 46. Kd2 Nf6 47. b4 axb4 48. cxb4 g4 49. fxg4+ Kxg4 50. Rg1+ Kf5 51. Rf1+ Kg5 52. Kd3 Ng4 53. Rf3 Nh2 54. Rg3+ Ng4 55. b5 Re6 56. Rf3 Nf6 57. Nc3 Ne4 58. bxc6 bxc6 59. Rf1 Nd6 60. a5 Re7 61. Ra1 Kf5 62. Na4 Ra7 63. Nc5 Kf6 64. a6 Nb5 65. Re1 Nc7 66. Ra1 Ke7 67. Rh1 Nb5 68. Rh7+ Kd8 69. Rh6 Kc7 70. Rh8 Kb6 71. Rh1 Rg7 72. Rb1 Rg3+ 73. Kd2 Rg2+ 74. Ke3 Ka7 75. Rh1 Kb6 76. Ra1 Nxd4 77. Kxd4 Rg4+ 78. Ke5 Rg8 79. Kd6 Rg6+ 80. Ne6 Rg8 81. Ra2 Rh8 82. a7 Ra8 83. Nc7 Rxa7 84. Rb2+ Ka5 85. Kxc6 d4 86. Ra2+ Kb4 87. Nd5+ 1-0